Regional development agencies (Record no. 102631)

MARC details
000 -LEADER
fixed length control field 01623cam a2200301 4500
008 - FIXED-LENGTH DATA ELEMENTS--GENERAL INFORMATION
fixed length control field 030204n2003 000 0 eng u
020 ## - INTERNATIONAL STANDARD BOOK NUMBER
International Standard Book Number 1842191357
035 ## - SYSTEM CONTROL NUMBER
System control number (Sirsi) u121226
041 ## - LANGUAGE CODE
Language code of text/sound track or separate title eng
050 ## - LIBRARY OF CONGRESS CALL NUMBER
Classification number 711.52
-- 18
100 ## - MAIN ENTRY--PERSONAL NAME
Personal name Greenhalgh, Paul
245 ## - TITLE STATEMENT
Title Regional development agencies
Remainder of title the future of physical regeneration in England
Medium [electronic resource]
260 ## - PUBLICATION, DISTRIBUTION, ETC.
Place of publication, distribution, etc. London
Name of publisher, distributor, etc. RICS
Date of publication, distribution, etc. 2003
300 ## - PHYSICAL DESCRIPTION
Extent 1 folded sheet (6p.)
Dimensions 30cm.
490 ## - SERIES STATEMENT
Series statement RICS Research
520 ## - SUMMARY, ETC.
Summary, etc. The executive summary of research commissioned by RICS and CABE to find out the extent of Regional Development Agencies' (RDA's) commitment to physical regeneration. The research looked into trends in regeneration spending; the role of RDAs in physical regeneration; RDA performance; and the role of English Partnerships. Includes key findings and recommendations. View the summary and full report at www.rics.org.
650 ## - SUBJECT ADDED ENTRY--TOPICAL TERM
Topical term or geographic name entry element REGIONAL DEVELOPMENT AGENCIES
650 ## - SUBJECT ADDED ENTRY--TOPICAL TERM
Topical term or geographic name entry element URBAN REGENERATION
650 ## - SUBJECT ADDED ENTRY--TOPICAL TERM
Topical term or geographic name entry element ECONOMIC REGENERATION
690 ## - LOCAL SUBJECT ADDED ENTRY--TOPICAL TERM (OCLC, RLIN)
Topical term or geographic name as entry element REGENERATION
700 ## - ADDED ENTRY--PERSONAL NAME
Personal name Shaw, Keith
710 ## - ADDED ENTRY--CORPORATE NAME
Corporate name or jurisdiction name as entry element Royal Institution of Chartered Surveyors
Subordinate unit Policy Unit
9 (RLIN) 4169
710 ## - ADDED ENTRY--CORPORATE NAME
Corporate name or jurisdiction name as entry element Royal Institution of Chartered Surveyors
9 (RLIN) 4900
710 ## - ADDED ENTRY--CORPORATE NAME
Corporate name or jurisdiction name as entry element Commission for Architecture and the Built Environment
9 (RLIN) 4058
856 ## - ELECTRONIC LOCATION AND ACCESS
Uniform Resource Identifier <a href="https://www.rics.org/Global/Downloads/RDAsFuturePhysicalRegenerationEngland200209.pdf">https://www.rics.org/Global/Downloads/RDAsFuturePhysicalRegenerationEngland200209.pdf</a>
Public note View the full report on the RICS website...
856 40 - ELECTRONIC LOCATION AND ACCESS
Uniform Resource Identifier <a href="https://www.rics.org/Global/Downloads/RDAsFuturePhysicalRegenerationEnglandSummary200209.pdf">https://www.rics.org/Global/Downloads/RDAsFuturePhysicalRegenerationEnglandSummary200209.pdf</a>
Public note View the executive summary on the RICS website...
942 ## - ADDED ENTRY ELEMENTS (KOHA)
Suppress in OPAC 0
Holdings
Withdrawn status Lost status Source of classification or shelving scheme Damaged status Not for loan Home library Current library Shelving location Date acquired Total Checkouts Full call number Barcode Date last seen Copy number Price effective from Koha item type Date last checked out
    Dewey Decimal Classification     London London RICS Boxes 29/03/2004   RICS 2003/45 30069059 06/08/2019 1 06/08/2019 Archive  
    Dewey Decimal Classification     London London RICS Boxes 29/03/2004   RICS 2003/45 30069058 06/08/2019 2 06/08/2019 Reference material  
    Dewey Decimal Classification     London London RICS Boxes 29/03/2004 3 RICS 2003/45 30069062 06/08/2019 3 06/08/2019 Book 20/07/2007
    Dewey Decimal Classification     Virtual Virtual Online 29/03/2004   ONLINE PUBLICATION 121226-2001 06/08/2019 1 06/08/2019 Book